00547nam a22001697a 450000500170000001000170001702000250003403500170005903700240007608200060010010000190010624500570012526000290018227001100021130000330032149000230035420120125164954.0 aB-482293-315 a9788128628306c60.00 aB-482293-315 adplbBlue Berry/Ven aS a Mary Man-kong aBarbie as the island princess /b cby Mary Man-kong aMumbaibEuro Booksc2010 aDani Corporate Park, First Floor, 158, Vidyanagari Marg, Kalina, Santacruz (East)bMumbaie400098 (India) aunpagedb col.illc27cm(pbk) aenchanting stories